书目信息 |
| 题名: |
架构探险
|
|
| 作者: | 李业兵 著 | |
| 分册: | ||
| 出版信息: | 北京 电子工业出版社 2017.7 |
|
| 页数: | 13,386页 | |
| 开本: | 24cm | |
| 丛书名: | ||
| 单 册: | ||
| 中图分类: | TP338.8 | |
| 科图分类: | ||
| 主题词: | 分布式计算机系统--研究 | |
| 电子资源: | ||
| ISBN: | 978-7-121-31959-4 | |
| 000 | 00930nam0 2200229 450 | |
| 001 | 0400003882 | |
| 005 | 20171022173646.0 | |
| 010 | @a978-7-121-31959-4@dCNY79.00 | |
| 100 | @a20171018e2017 em y0chiy50 ea | |
| 101 | 0 | @achi |
| 102 | @aCN@b110000 | |
| 105 | @ay z 000yy | |
| 106 | @ar | |
| 200 | 1 | @a架构探险@9jia gou tan xian@e从零开始写分布式服务框架@f李业兵著 |
| 210 | @a北京@c电子工业出版社@d2017.7 | |
| 215 | @a13,386页@d24cm | |
| 330 | @a本书围绕实现分布式服务框架所需的知识点,进行了比较详尽细致的介绍。包括常见的RPC框架、常见的序列化/反序列化方案及选型、分布式服务框架服务的发布引入实现细节、软负载实现、底层通信方案实现、服务注册与发现实现、服务治理常见的功能等。通过对这些知识点的逐步讲解,层层深入,最终完成一个可运行的分布式服务框架。 | |
| 606 | 0 | @a分布式计算机系统@x研究 |
| 690 | @aTP338.8@v5 | |
| 701 | 0 | @a李业兵@9li ye bing@4著 |
| 801 | 0 | @aCN@b91MARC@c20171022 |
| 905 | @b1027246-50@dTP338.8@f5@e156 | |
| 架构探险:从零开始写分布式服务框架/李业兵著.-北京:电子工业出版社,2017.7 |
| 13,386页;24cm |
| ISBN 978-7-121-31959-4:CNY79.00 |
| 本书围绕实现分布式服务框架所需的知识点,进行了比较详尽细致的介绍。包括常见的RPC框架、常见的序列化/反序列化方案及选型、分布式服务框架服务的发布引入实现细节、软负载实现、底层通信方案实现、服务注册与发现实现、服务治理常见的功能等。通过对这些知识点的逐步讲解,层层深入,最终完成一个可运行的分布式服务框架。 |
| ● |
| 相关链接 |
|
|
|
|
正题名:架构探险
索取号:TP338.8/156
 
预约/预借
| 序号 | 登录号 | 条形码 | 馆藏地/架位号 | 状态 | 备注 |
| 1 | 1027246 | 210272462 | 第二样本阅览室/ [索取号:TP338.8/156] | 在馆 | |
| 2 | 1027247 | 210272471 | 密集书库—计算机科学学院/ [索取号:TP338.8/156] | 在馆 | |
| 3 | 1027248 | 210272480 | 第三借阅区/ [索取号:TP338.8/156] | 在馆 | |
| 4 | 1027249 | 210272499 | 第三借阅区/ [索取号:TP338.8/156] | 在馆 | |
| 5 | 1027250 | 210272505 | 第三借阅区/ [索取号:TP338.8/156] | 在馆 |